000 00605nam a2200229 i 4500
001 C2-0072211
003 PPAK
005 20190630222208.0
008 970429s1982 si |||| ||||| | eng d
020 _a9971651017
040 _aPPAK
_beng
_cPPAK
_erda
082 0 4 _a332.1
_223
090 0 0 _a332.1
_bCHE
_dG
100 1 _aChew, David B.H.,
_eauthor
245 1 0 _aBanking and finance
264 1 _aSingapore :
_bTimes Books International ,
_c1982
300 _axi, 96 pages ;
_c22 cm
336 _2rdacontent
_atext
337 _2rdamedia
_aunmediated
338 _2rdacarrier
_avolume
942 _ddc
_cB
999 _c9277
_d9277